Recent Challenges in Science, Engineering and Technology/ (Record no. 178151)
[ view plain ]
| 000 -LEADER | |
|---|---|
| fixed length control field | 00737nam a22002057a 4500 |
| 005 - DATE AND TIME OF LATEST TRANSACTION | |
| control field | 20210318165844.0 |
| 010 ## - LCCN (DPL NO) | |
| LC control number | ENG-129248 |
| 020 ## - INTERNATIONAL STANDARD BOOK NUMBER | |
| International Standard Book Number | 9788194738855 |
| Terms of availability | 750.00 |
| 035 ## - SYSTEM CONTROL NUMBER | |
| System control number | EN-112780 |
| 037 ## - SOURCE OF ACQUISITION | |
| Source of stock number/acquisition | DBAD/PUB |
| 082 ## - DEWEY DECIMAL CLASSIFICATION NUMBER | |
| Classification number | 600 |
| 245 ## - TITLE STATEMENT | |
| Title | Recent Challenges in Science, Engineering and Technology/ |
| Statement of responsibility, etc | edited by S. Kannadhasan, R. Nagarajan, and M. Shanmuganantham |
| 260 ## - PUBLICATION, DISTRIBUTION, ETC. (IMPRINT) | |
| Name of publisher, distributor, etc | Krishna Publication House |
| Place of publication, distribution, etc | Gujarat |
| Date of publication, distribution, etc | 2021 |
| 270 ## - ADDRESS | |
| Address | No. 303, Yash Kunj Apartment, Devbaug, Anantwadi, Bhavnagar |
| City | Gujarat |
| Postal code | 364002 |
| 300 ## - PHYSICAL DESCRIPTION | |
| Extent | vi+246p. |
| Dimensions | 22cm(pbk) |
| Other physical details | Includes Illustrations |
| 700 ## - ADDED ENTRY--PERSONAL NAME | |
| Personal name | Kannadhasan, S. ed. |
| 700 ## - ADDED ENTRY--PERSONAL NAME | |
| Personal name | Nagarajan, R. ed. |
| 700 ## - ADDED ENTRY--PERSONAL NAME | |
| Personal name | Shanmuganantham, M. ed. |
| 942 ## - ADDED ENTRY ELEMENTS (KOHA) | |
| Source of classification or shelving scheme | Dewey Decimal Classification |
| Item type | English Books |
| Classification part | 600 |
| Call number suffix | REC |
| Withdrawn status | Lost status | Not for loan | Collection code | Home library | Current library | Date acquired | Source of acquisition | Cost, normal purchase price | Full call number | Barcode | Copy number | Cost, replacement price | Koha item type |
|---|---|---|---|---|---|---|---|---|---|---|---|---|---|
| Non-fiction | Ashok Vihar | Ashok Vihar | 18/03/2021 | DBAD/PUB | 750.00 | 600 REC | EN-112780 | 1 | 750.00 | English Books |
